Risultati dell'Inter in UEFA Champions League 2019-2020 - Statistics

Statistiche generali
  • Questo quiz è stato fatto 19 volte
  • Il punteggio medio è 4 su 6
Statistiche sulle risposte
Hint Risposta % Corretto
Inter - Barcellona 1-2
79%
Inter - Slavia Braga 1-1
74%
Slavia Praga - Inter 1-3
68%
Borussia Dortmund - Inter 3-2
63%
Inter - Borussia Dortmund 2-0
58%
Barcellona - Inter 2-1
53%
Nessun quiz corrispondente trovato
Distribuzione punteggi
Percentuale di utenti per punteggio
Percentile per numero di risposta
I tuoi punteggi nel tempo
Non hai fatto questo quiz